00220nam a22000737a 4500245005400000260006600054300000900120710001700129 aBibliography on journalism and mass communication aNew DelhibNational Social Science Documentation Centrec2019 a37p. aNASSDOC Team